| 000 | 00752nam a22002417a 4500 | ||
|---|---|---|---|
| 003 | OSt | ||
| 005 | 20250708022811.0 | ||
| 008 | 250708b |||||||| |||| 00| 0 eng d | ||
| 020 | _a0393024660 | ||
| 040 |
_aDWCL - Main lib _cOC |
||
| 082 | _aCirc. 616.3980019 S929w 1987 | ||
| 100 | _aStuart, Richard B. | ||
| 245 |
_a Weight, sex and marriage : _bdelicate balance/ _cRichard B. Stuart |
||
| 260 |
_aNew York : _bW.W. Norton & Company, _cc1987. |
||
| 300 |
_a189 pages ; _c 22 cm. Series |
||
| 504 | _aIncludes index. | ||
| 650 | _a1. Body weight. | ||
| 650 | _a2. Obesity--Psychological aspects. | ||
| 650 | _a3. Obesity--Social aspects. | ||
| 650 | _a4. Sex in marriage. | ||
| 700 | _aBarbara Jacobson | ||
| 942 |
_2ddc _cBK-CIRC _kCirc. _n0 |
||
| 999 |
_c3438 _d3438 |
||